Dictionaty of English language and culture

Bibliographic Details
Format: Book
Published: England : Longman , 1992
Subjects:

MARC

LEADER 00000cam a2200000 7i4500
001 0000004896
002 000005279
005 20000330.0
020 |a 05826760 
090 0 0 |a 423   |b Dic 
245 0 0 |a Dictionaty of English language and culture 
260 |a England :   |b Longman ,   |c 1992 
300 |a 1528p. ;   |c 22cm. 
650 0 0 |a English language   |x Dictionaries 
999 |a 034828   |b BUKU   |c RUJUKAN   |e PERPUSTAKAAN KOMUNITI PETALING JAYA